Conoce los frutos de tu tierra: El membrillero

Gespeichert in:
Bibliographische Detailangaben
1. Verfasser: Gallardo y Gómez Autor
Format: keine Angabe
Sprache:Spanisch
Erschienen: Barcelona Seix & Barral s.d.
Katalog:MANES:  Suchergebnis im Bibliothekskatalog
Schulbuchspezifische Eigenschaften:
Schriftenreihe:Biblioteca juvenil
Tags: Tag hinzufügen
Keine Tags, Fügen Sie den ersten Tag hinzu!
Hinzugefügt zu:26.04.2016
Geändert in:15.12.2025

MARC

LEADER 000000000a22000000004500
001 16687
003 OSt
005 20251215163047.0
008 160427s sp ||||| |||| 00| 0 spa d
041 1 |a spa 
040 |c centro_manes 
691 7 |a PRI 
100 1 |a Gallardo y Gómez  |b Autor  |9 12303 
245 0 0 |a Conoce los frutos de tu tierra: El membrillero 
260 3 |a Barcelona  |b Seix & Barral  |c s.d. 
300 |a 12p.  |c 21 * 16 cm 
440 |a Biblioteca juvenil  |9 12304 
500 |a ILUSTRACIONES: Contiene un dibujo. ENCUADERNACIÓN: Rústica. DESCRIPCIÓN CONTENIDO: Lecciones de naturaleza. PALABRAS CLAVE: Libro de texto. Frutos. NéMERO EJEMPLARES: 1. Nº TOPOGRÁFICO: 1161. CONSERVACIÓN: Buena. 
690 0 |a CN 
942 |2 ddc  |c BK 
546 |a España 
999 |c 22656  |d 22656 
999 |c manes:22656  |d 22656